banner-ar

FUNDAMENTALS OF OPERATIONAL AMPLIFIERS AND LINEAR INTEGRATED CIRCUITS / (Record no. 11062)

MARC details
000 -الفاتح
حقل البيانات ثابتة الطول 00490nam a2200181Ia 4500
008 - عناصر البيانات ثابتة الطول - معلومات عامة
حقل البيانات ثابتة الطول 140319s9999 xx 000 0 eng d
040 ## - مصدر الفهرسة
وكالة الفهرسة الأصلية GCL /
وكالة النسخ GCL
082 04 - رقم تصنيف ديوى العشرى
رقم التصنيف 620.319
رقم المادة H F
100 1# - المدخل الرئيسى - إسم شخصى
الإسم الشخصى NACHMIAS, DAVID
245 10 - بيان العنوان
العنوان FUNDAMENTALS OF OPERATIONAL AMPLIFIERS AND LINEAR INTEGRATED CIRCUITS /
بيان المسئوليه,etc NACHMIAS, DAVID
260 ## - PUBLICATION, DISTRIBUTION, ETC. (IMPRINT)
تاريخ النشر أو التوزيع 1992
300 ## - الوصف المادى
التعداد 422 P
650 04 - المدخل الاضافى بالموضوع-مصطلح موضوعى
مصطلح موضوعي LINEAR
650 04 - المدخل الاضافى بالموضوع-مصطلح موضوعى
مصطلح موضوعي LINEAR SYSTEM
650 04 - المدخل الاضافى بالموضوع-مصطلح موضوعى
مصطلح موضوعي AMPLIFIERS
942 ## - عناصر المدخل الإضافي( كوها)
مصدر التصنيف او مخطط الترفيف Dewey Decimal Classification
Koha [default] item type كتاب
260 ## - PUBLICATION, DISTRIBUTION, ETC. (IMPRINT)
-- [S.N] :
-- zeitouna ،
Holdings
حالة التراجع حالة الفقد حالة تلف ليس للاعارة المكان المؤقت الموقع الحالى تاريخ الاكتساب اجمالي اﻻعارات رقم الطلب الباركود تاريخ اخر مشاهدة تاريخ تفعيل السعر نوع وعاء كوها
        مكتبة القاهرة الكبرى مكتبة القاهرة الكبرى 03/26/2014   620.319\H F 22065 03/26/2014 03/26/2014 كتاب
        مكتبة القاهرة الكبرى مكتبة القاهرة الكبرى 03/26/2014   620.319\H F 22066 03/26/2014 03/26/2014 كتاب

Powered By

EGPV